{"text_format":"3","workbook":"xlsx","n_sheets":1,"sheets":["t245"],"read":"whole","date_system":"1900"}

{"sheet":"t245","index":0,"n_rows":168,"n_cols":7,"rows_kept":168,"merged":[[0,0,0,6],[30,0,30,5],[41,0,41,5],[139,0,139,5]]}
["TABELA 245.1 - Estatísticas Agrícolas, Município de Iracemápolis, Estado de São Paulo, 2007/08."]
["ITEM","UNIDADE","N.DE UPAs","MÍNIMO","MÉDIO","MÁXIMO","TOTAL"]
["Distância à sede do município","km",114,0.5,{"v":5.04,"d":"5.0"},{"v":15,"d":"15.0"},"-"]
["Área total","hectare",114,0.5,{"v":93.22,"d":"93.2"},{"v":2176.5,"d":"2,176.5"},{"v":10627.4,"d":"10,627.4"}]
["Área com cultura perene","hectare",27,0.3,{"v":12.07,"d":"12.1"},{"v":70,"d":"70.0"},325.8]
["Área com cultura temporária","hectare",87,0.5,{"v":105.02,"d":"105.0"},{"v":2087.3,"d":"2,087.3"},{"v":9137.1,"d":"9,137.1"}]
["Área com pastagem","hectare",18,0.2,{"v":7.57,"d":"7.6"},{"v":48,"d":"48.0"},136.2]
["Área com reflorestamento","hectare",14,0.1,{"v":8.96,"d":"9.0"},39.5,125.4]
["Área com vegetação natural","hectare",51,0.1,10.5,{"v":165,"d":"165.0"},535.6]
["Área com vegetação de brejo e várzea","hectare",5,{"v":1,"d":"1.0"},{"v":35.14,"d":"35.1"},160.5,175.7]
["Área em descanso","hectare",7,0.5,{"v":2.61,"d":"2.6"},{"v":5,"d":"5.0"},18.3]
["Área complementar","hectare",79,0.1,{"v":2.19,"d":"2.2"},49.7,173.3]
["Área das UPAs com (0, 1] ha","hectare",2,0.5,{"v":0.75,"d":"0.8"},{"v":1,"d":"1.0"},1.5]
["Área das UPAs com (1, 2] ha","hectare",7,1.1,1.5,1.9,10.5]
["Área das UPAs com (2, 5] ha","hectare",23,2.1,{"v":3.86,"d":"3.9"},4.9,88.8]
["Área das UPAs com (5, 10] ha","hectare",21,5.1,{"v":7.57,"d":"7.6"},9.6,{"v":159,"d":"159.0"}]
["Área das UPAs com (10, 20] ha","hectare",12,10.1,{"v":15.33,"d":"15.3"},19.3,{"v":184,"d":"184.0"}]
["Área das UPAs com (20, 50] ha","hectare",26,20.8,{"v":36.35,"d":"36.4"},49.5,{"v":945,"d":"945.0"}]
["Área das UPAs com (50, 100] ha","hectare",6,52.1,{"v":64.27,"d":"64.3"},78.3,385.6]
["Área das UPAs com (100, 200] ha","hectare",5,101.8,152.8,193.6,{"v":764,"d":"764.0"}]
["Área das UPAs com (200, 500] ha","hectare",5,202.6,{"v":299.06,"d":"299.1"},{"v":410,"d":"410.0"},{"v":1495.3,"d":"1,495.3"}]
["Área das UPAs com (500, 1.000] ha","hectare",6,563.4,736.2,948.3,{"v":4417.2,"d":"4,417.2"}]
["Área das UPAs com (1.000, 2.000] ha","hectare","-","-","-","-","-"]
["Área das UPAs com (2.000, 5.000] ha","hectare",1,{"v":2176.5,"d":"2,176.5"},{"v":2176.5,"d":"2,176.5"},{"v":2176.5,"d":"2,176.5"},{"v":2176.5,"d":"2,176.5"}]
["Área das UPAs com (5.000, 10.000] ha","hectare","-","-","-","-","-"]
["Área das UPAs acima de 10.000 ha","hectare","-","-","-","-","-"]
["Familiares do proprietário que trabalham na UPA","unidade",55,{"v":1,"d":"1.0"},{"v":1.85,"d":"1.9"},{"v":5,"d":"5.0"},{"v":102,"d":"102.0"}]
["Trabalhadores permanentes","unidade",38,{"v":1,"d":"1.0"},{"v":18.39,"d":"18.4"},{"v":400,"d":"400.0"},{"v":699,"d":"699.0"}]
["Fonte: Secretaria de Agricultura e Abastecimento, CDRS/IEA, Projeto LUPA."]
[]
["TABELA 245.2 - Explorações Animais, Município de Iracemápolis, Estado de São Paulo, 2007/08."]
["ITEM","UNIDADE","N.DE UPAs","MÍNIMO","MÉDIO","MÁXIMO","TOTAL"]
["Avicultura para Ovos","cabeças",6,{"v":10,"d":"10.0"},{"v":41.67,"d":"41.7"},{"v":60,"d":"60.0"},{"v":250,"d":"250.0"}]
["Bovinocultura de Corte","cabeças",4,{"v":4,"d":"4.0"},14.5,{"v":40,"d":"40.0"},{"v":58,"d":"58.0"}]
["Bovinocultura Leiteira","cabeças",2,{"v":4,"d":"4.0"},{"v":7,"d":"7.0"},{"v":10,"d":"10.0"},{"v":14,"d":"14.0"}]
["Bovinocultura Mista","cabeças",5,{"v":2,"d":"2.0"},{"v":22,"d":"22.0"},{"v":90,"d":"90.0"},{"v":110,"d":"110.0"}]
["Caprinocultura","cabeças",1,{"v":80,"d":"80.0"},{"v":80,"d":"80.0"},{"v":80,"d":"80.0"},{"v":80,"d":"80.0"}]
["Equinocultura","cabeças",9,{"v":1,"d":"1.0"},{"v":9.44,"d":"9.4"},{"v":50,"d":"50.0"},{"v":85,"d":"85.0"}]
["Suinocultura","cabeças",2,{"v":5,"d":"5.0"},12.5,{"v":20,"d":"20.0"},{"v":25,"d":"25.0"}]
["Fonte: Secretaria de Agricultura e Abastecimento, CDRS/IEA, Projeto LUPA."]
[]
["TABELA 245.3 -  Máquinas, Implementos e Benfeitorias, Município de Iracemápolis, Estado de São Paulo, 2007/08."]
["ITEM","UNIDADE","N.DE UPAs","MÍNIMO","MÉDIO","MÁXIMO","TOTAL"]
["Arado Comum (Bacia, Aiveca)","Unidade",5,{"v":1,"d":"1.0"},1.2,{"v":2,"d":"2.0"},{"v":6,"d":"6.0"}]
["Arado Escarificador","Unidade",18,{"v":1,"d":"1.0"},{"v":1.67,"d":"1.7"},{"v":8,"d":"8.0"},{"v":30,"d":"30.0"}]
["Arado Subsolador","Unidade",10,{"v":1,"d":"1.0"},{"v":2,"d":"2.0"},{"v":10,"d":"10.0"},{"v":20,"d":"20.0"}]
["Batedeira de Cereais","Unidade",2,{"v":1,"d":"1.0"},{"v":1,"d":"1.0"},{"v":1,"d":"1.0"},{"v":2,"d":"2.0"}]
["Câmara Fria","Unidade",1,{"v":1,"d":"1.0"},{"v":1,"d":"1.0"},{"v":1,"d":"1.0"},{"v":1,"d":"1.0"}]
["Carregadeira de Cana","Unidade",6,{"v":1,"d":"1.0"},{"v":8,"d":"8.0"},{"v":40,"d":"40.0"},{"v":48,"d":"48.0"}]
["Colhedeira Automotriz","Unidade",1,{"v":20,"d":"20.0"},{"v":20,"d":"20.0"},{"v":20,"d":"20.0"},{"v":20,"d":"20.0"}]
["Conj.Irrigação Autopropelido","Unidade",2,{"v":1,"d":"1.0"},{"v":3,"d":"3.0"},{"v":5,"d":"5.0"},{"v":6,"d":"6.0"}]
["Conj.Irrigação Convencional","Unidade",7,{"v":1,"d":"1.0"},{"v":1,"d":"1.0"},{"v":1,"d":"1.0"},{"v":7,"d":"7.0"}]
["Conjunto de Fenação","Unidade",1,{"v":1,"d":"1.0"},{"v":1,"d":"1.0"},{"v":1,"d":"1.0"},{"v":1,"d":"1.0"}]
["Desintegrador, Picador, Triturador","Unidade",17,{"v":1,"d":"1.0"},{"v":2.53,"d":"2.5"},{"v":13,"d":"13.0"},{"v":43,"d":"43.0"}]
["Ensiladeira","Unidade",2,{"v":1,"d":"1.0"},{"v":2,"d":"2.0"},{"v":3,"d":"3.0"},{"v":4,"d":"4.0"}]
["Grade Aradora (Tipo Romi)","Unidade",3,{"v":1,"d":"1.0"},{"v":1.33,"d":"1.3"},{"v":2,"d":"2.0"},{"v":4,"d":"4.0"}]
["Grade Niveladora","Unidade",4,{"v":1,"d":"1.0"},{"v":1,"d":"1.0"},{"v":1,"d":"1.0"},{"v":4,"d":"4.0"}]
["Microtrator","Unidade",1,{"v":1,"d":"1.0"},{"v":1,"d":"1.0"},{"v":1,"d":"1.0"},{"v":1,"d":"1.0"}]
["Misturador de Ração","Unidade",2,{"v":1,"d":"1.0"},{"v":1,"d":"1.0"},{"v":1,"d":"1.0"},{"v":2,"d":"2.0"}]
["Pulverizador Tratorizado","Unidade",19,{"v":1,"d":"1.0"},{"v":1.58,"d":"1.6"},{"v":5,"d":"5.0"},{"v":30,"d":"30.0"}]
["Semeadeira/Plantadeira Plantio Direto","Unidade",5,{"v":1,"d":"1.0"},4.4,{"v":16,"d":"16.0"},{"v":22,"d":"22.0"}]
["Terraceador","Unidade",1,{"v":5,"d":"5.0"},{"v":5,"d":"5.0"},{"v":5,"d":"5.0"},{"v":5,"d":"5.0"}]
["Trator de Esteiras","Unidade",3,{"v":1,"d":"1.0"},{"v":7.33,"d":"7.3"},{"v":20,"d":"20.0"},{"v":22,"d":"22.0"}]
["Trator de Pneus","Unidade",27,{"v":1,"d":"1.0"},{"v":5.19,"d":"5.2"},{"v":75,"d":"75.0"},{"v":140,"d":"140.0"}]
["Açude/Represa","Unidade",17,{"v":1,"d":"1.0"},{"v":1.41,"d":"1.4"},{"v":4,"d":"4.0"},{"v":24,"d":"24.0"}]
["Almoxarifado/Oficina","Unidade",6,{"v":1,"d":"1.0"},1.5,{"v":3,"d":"3.0"},{"v":9,"d":"9.0"}]
["Armazém para Grãos Ensacados","Sacas",3,{"v":1,"d":"1.0"},{"v":1,"d":"1.0"},{"v":1,"d":"1.0"},{"v":3,"d":"3.0"}]
["Balança para Veículos","Unidade",1,{"v":1,"d":"1.0"},{"v":1,"d":"1.0"},{"v":1,"d":"1.0"},{"v":1,"d":"1.0"}]
["Barracão para Granja/Avicultura","Unidade",7,{"v":1,"d":"1.0"},{"v":1,"d":"1.0"},{"v":1,"d":"1.0"},{"v":7,"d":"7.0"}]
["Barracão/Galpão/Garagem","Unidade",34,{"v":1,"d":"1.0"},1.5,{"v":5,"d":"5.0"},{"v":51,"d":"51.0"}]
["Casa de Moradia Habitada","Unidade",43,{"v":1,"d":"1.0"},{"v":3.56,"d":"3.6"},{"v":42,"d":"42.0"},{"v":153,"d":"153.0"}]
["Casa de Moradia Total","Unidade",48,{"v":1,"d":"1.0"},{"v":4.08,"d":"4.1"},{"v":25,"d":"25.0"},{"v":196,"d":"196.0"}]
["Curral/Mangueira","Unidade",11,{"v":1,"d":"1.0"},{"v":1.27,"d":"1.3"},{"v":3,"d":"3.0"},{"v":14,"d":"14.0"}]
["Depósito/Tulha","Unidade",20,{"v":1,"d":"1.0"},1.2,{"v":3,"d":"3.0"},{"v":24,"d":"24.0"}]
["Engenho","Unidade",1,{"v":1,"d":"1.0"},{"v":1,"d":"1.0"},{"v":1,"d":"1.0"},{"v":1,"d":"1.0"}]
["Estábulo","Unidade",4,{"v":1,"d":"1.0"},{"v":1,"d":"1.0"},{"v":1,"d":"1.0"},{"v":4,"d":"4.0"}]
["Estufa/Plasticultura","m²",3,{"v":800,"d":"800.0"},{"v":800,"d":"800.0"},{"v":800,"d":"800.0"},{"v":2400,"d":"2,400.0"}]
["Fábrica de Ração","Unidade",1,{"v":1,"d":"1.0"},{"v":1,"d":"1.0"},{"v":1,"d":"1.0"},{"v":1,"d":"1.0"}]
["Instalações para Equinos","Unidade",1,{"v":1,"d":"1.0"},{"v":1,"d":"1.0"},{"v":1,"d":"1.0"},{"v":1,"d":"1.0"}]
["Máquina de Benefício","Unidade",2,{"v":1,"d":"1.0"},{"v":1,"d":"1.0"},{"v":1,"d":"1.0"},{"v":2,"d":"2.0"}]
["Packing House","Unidade",2,{"v":1,"d":"1.0"},{"v":1,"d":"1.0"},{"v":1,"d":"1.0"},{"v":2,"d":"2.0"}]
["Pocilga","Unidade",3,{"v":1,"d":"1.0"},{"v":1,"d":"1.0"},{"v":1,"d":"1.0"},{"v":3,"d":"3.0"}]
["Poço Semi-Artesiano","Unidade",5,{"v":1,"d":"1.0"},{"v":3000.8,"d":"3,000.8"},{"v":15000,"d":"15,000.0"},{"v":15004,"d":"15,004.0"}]
["Posto Meteorológico","Unidade",4,{"v":1,"d":"1.0"},{"v":1.25,"d":"1.3"},{"v":2,"d":"2.0"},{"v":5,"d":"5.0"}]
["Secador de Grãos","Unidade",1,{"v":1,"d":"1.0"},{"v":1,"d":"1.0"},{"v":1,"d":"1.0"},{"v":1,"d":"1.0"}]
["Silo para Silagem","t",2,{"v":2,"d":"2.0"},{"v":2,"d":"2.0"},{"v":2,"d":"2.0"},{"v":4,"d":"4.0"}]
["Terreiro","m²",2,{"v":1,"d":"1.0"},400.5,{"v":800,"d":"800.0"},{"v":801,"d":"801.0"}]
["Usina de Açúcar/destilaria","Unidade",1,{"v":1,"d":"1.0"},{"v":1,"d":"1.0"},{"v":1,"d":"1.0"},{"v":1,"d":"1.0"}]
["Fonte: Secretaria de Agricultura e Abastecimento, CDRS/IEA, Projeto LUPA."]
[]
["TABELA 245.4 - Outras Estatísticas Agrícolas, Município de Iracemápolis, Estado de São Paulo, 2007/08."]
["ITEM","Número de UPAs",null,"Percentual"]
["Faz Parte de Associação de Produtores",57,null,{"v":50,"d":"50.0"}]
["Faz Parte de Cooperativa de Produtores",80,null,{"v":70.17543859649122,"d":"70.2"}]
["Faz Parte do Sindicato de Produtores",25,null,{"v":21.929824561403507,"d":"21.9"}]
["Não utiliza assistência técnica ",18,null,{"v":15.789473684210526,"d":"15.8"}]
["Utiliza somente assistência técnica governamental ",14,null,{"v":12.280701754385966,"d":"12.3"}]
["Utiliza somente assistência técnica privada ",68,null,{"v":59.64912280701754,"d":"59.6"}]
["Utiliza assistência técnica tanto governamental quanto privada",14,null,{"v":12.280701754385966,"d":"12.3"}]
["Utiliza Crédito Rural",42,null,{"v":36.8421052631579,"d":"36.8"}]
["Utiliza Seguro Rural",37,null,{"v":32.45614035087719,"d":"32.5"}]
["Utiliza Escrituração Agrícola",46,null,{"v":40.35087719298246,"d":"40.4"}]
["Acessa Internet p/ Fins na Agropecuária",36,null,{"v":31.578947368421055,"d":"31.6"}]
["Utiliza Computador nas Atividades Agropecuárias",43,null,{"v":37.719298245614034,"d":"37.7"}]
["Utiliza Energia Elétrica Para Uso na Atividade Agrícola",94,null,{"v":82.45614035087719,"d":"82.5"}]
["Realiza Análise de Solo, quando necessário",80,null,{"v":70.17543859649122,"d":"70.2"}]
["Utiliza Práticas de Conservação de Solo, quando necessário",94,null,{"v":82.45614035087719,"d":"82.5"}]
["Faz Adubação Mineral, quando necessário",96,null,{"v":84.21052631578947,"d":"84.2"}]
["Faz Adubação Orgânica, quando necessário",68,null,{"v":59.64912280701754,"d":"59.6"}]
["Faz Adubação Verde, quando necessário",62,null,{"v":54.385964912280706,"d":"54.4"}]
["Utiliza Manejo Integrado de Pragas (MIP)",26,null,{"v":22.807017543859647,"d":"22.8"}]
["Utiliza Hidroponia",12,null,{"v":10.526315789473683,"d":"10.5"}]
["Utiliza Plasticultura",2,null,{"v":1.7543859649122806,"d":"1.8"}]
["Utiliza Mudas Fiscalizadas",16,null,{"v":14.035087719298247,"d":"14.0"}]
["Utiliza Semente Melhorada",14,null,{"v":12.280701754385966,"d":"12.3"}]
["Faz Confinamento de Bovinos","-",null,"-"]
["Utiliza Pastejo Intensivo","-",null,"-"]
["Faz Inseminação Artificial","-",null,"-"]
["Faz Mineralização do Rebanho",1,null,{"v":0.8771929824561403,"d":"0.9"}]
["Faz Vermifugação do Rebanho",2,null,{"v":1.7543859649122806,"d":"1.8"}]
["Possui Parceiros /Arrendatários na Exploração Animal",8,null,{"v":7.017543859649122,"d":"7.0"}]
["Esporte e lazer",2,null,{"v":1.7543859649122806,"d":"1.8"}]
["Extração mineral","-",null,"-"]
["Hotel Fazenda, Pousada ou SPA","-",null,"-"]
["Pesque-pague","-",null,"-"]
["Restaurante ou Lanchonete",1,null,{"v":0.8771929824561403,"d":"0.9"}]
["Transformação artesanal","-",null,"-"]
["Turismo rural ou ecoturismo",1,null,{"v":0.8771929824561403,"d":"0.9"}]
["Outras atividades econômicas rurais",3,null,{"v":2.6315789473684212,"d":"2.6"}]
["Agroindústria","-",null,"-"]
["Proprietário sem instrução ou com instrução incompleta",1,null,{"v":0.8771929824561403,"d":"0.9"}]
["Proprietário com antigo primário completo",60,null,{"v":52.63157894736842,"d":"52.6"}]
["Proprietário com 1° grau (ou antigo ginasial) completo",3,null,{"v":2.6315789473684212,"d":"2.6"}]
["Proprietário com 2° grau (ou antigo colegial) completo",20,null,{"v":17.543859649122805,"d":"17.5"}]
["Proprietário com curso superior completo ",12,null,{"v":10.526315789473683,"d":"10.5"}]
["Pessoa Jurídica",18,null,{"v":15.789473684210527,"d":"15.8"}]
["Proprietário residente na própria UPA ",17,null,{"v":14.912280701754385,"d":"14.9"}]
["Fonte: Secretaria de Agricultura e Abastecimento, CDRS/IEA, Projeto LUPA."]
[]
["TABELA 245.5 - Área Cultivada, Município de Iracemápolis, Estado de São Paulo, 2007/08."]
["CULTURA","N.DE UPAs","MÍNIMO","MÉDIO","MÁXIMO","TOTAL"]
["Cana-de-acucar",78,0.5,{"v":116.35,"d":"116.4"},{"v":2087.3,"d":"2,087.3"},{"v":9075.5,"d":"9,075.5"}]
["Laranja",13,0.3,{"v":19.09,"d":"19.1"},{"v":70,"d":"70.0"},248.2]
["Braquiaria",14,0.4,9.5,{"v":48,"d":"48.0"},{"v":133,"d":"133.0"}]
["Eucalipto",14,0.1,{"v":8.33,"d":"8.3"},39.5,116.6]
["Banana",4,0.5,{"v":5.73,"d":"5.7"},{"v":15,"d":"15.0"},22.9]
["Limao",3,{"v":6,"d":"6.0"},{"v":6.83,"d":"6.8"},{"v":8,"d":"8.0"},20.5]
["Milho",7,0.5,2.6,5.2,18.2]
["Tangerina",3,2.5,5.5,{"v":10,"d":"10.0"},16.5]
["Viveiro de flores e ornamentais",4,{"v":2,"d":"2.0"},{"v":3.13,"d":"3.1"},4.5,12.5]
["Pinus",1,8.8,8.8,8.8,8.8]
["Abacate",2,{"v":2,"d":"2.0"},{"v":4,"d":"4.0"},{"v":6,"d":"6.0"},{"v":8,"d":"8.0"}]
["Tomate envarado",1,4.7,4.7,4.7,4.7]
["Algodao",1,{"v":4,"d":"4.0"},{"v":4,"d":"4.0"},{"v":4,"d":"4.0"},{"v":4,"d":"4.0"}]
["Batata-inglesa (ou batata, ou batatinha)",1,{"v":4,"d":"4.0"},{"v":4,"d":"4.0"},{"v":4,"d":"4.0"},{"v":4,"d":"4.0"}]
["Amendoim",1,{"v":4,"d":"4.0"},{"v":4,"d":"4.0"},{"v":4,"d":"4.0"},{"v":4,"d":"4.0"}]
["Arroz",1,{"v":4,"d":"4.0"},{"v":4,"d":"4.0"},{"v":4,"d":"4.0"},{"v":4,"d":"4.0"}]
["Girassol",1,{"v":4,"d":"4.0"},{"v":4,"d":"4.0"},{"v":4,"d":"4.0"},{"v":4,"d":"4.0"}]
["Gramas",4,0.2,0.8,1.5,3.2]
["Manga",2,{"v":1,"d":"1.0"},1.5,{"v":2,"d":"2.0"},{"v":3,"d":"3.0"}]
["Feijao",1,{"v":3,"d":"3.0"},{"v":3,"d":"3.0"},{"v":3,"d":"3.0"},{"v":3,"d":"3.0"}]
["Cafe",1,2.4,2.4,2.4,2.4]
["Pomar domestico",2,0.3,{"v":1.15,"d":"1.2"},{"v":2,"d":"2.0"},2.3]
["Horta domestica",1,2.2,2.2,2.2,2.2]
["Alface",1,{"v":1,"d":"1.0"},{"v":1,"d":"1.0"},{"v":1,"d":"1.0"},{"v":1,"d":"1.0"}]
["Viveiro de citros",1,{"v":1,"d":"1.0"},{"v":1,"d":"1.0"},{"v":1,"d":"1.0"},{"v":1,"d":"1.0"}]
["Pessego",1,{"v":1,"d":"1.0"},{"v":1,"d":"1.0"},{"v":1,"d":"1.0"},{"v":1,"d":"1.0"}]
["Fonte: Secretaria de Agricultura e Abastecimento, CDRS/IEA, Projeto LUPA."]